| 000 | 00843nam a2200289 a 4500 | ||
|---|---|---|---|
| 008 | 120424n ag ||||f |||| 001 0 spa d | ||
| 020 | _aS/N | ||
| 041 | _aspa | ||
| 092 |
_c611.022 _l5 _sATL |
||
| 110 | 1 |
_aCompendio Médico MSD _91704 |
|
| 245 |
_aAtlas anatómico. Las principales articulaciones. _cCompendio Médico MSD |
||
| 250 | _a1a ed. | ||
| 260 |
_aS/L _bMerck Sharp & Dohme _cS/N |
||
| 300 |
_a208 p. _bil. |
||
| 500 | _aCompendio Medico MSD. (S/F) Atlas anatómico. Las principales articulaciones. (1a ed.) S/L: Merck Sharp & Dohme | ||
| 590 | _aDonación Dr. José A. Bello 2000. | ||
| 653 | _aMiembro superior | ||
| 653 | _aHombro | ||
| 653 | _aCodo | ||
| 653 | _aMano | ||
| 653 | _aMiembro inferior | ||
| 653 | _aCadera | ||
| 653 | _aRodilla | ||
| 653 | _aPie | ||
| 653 | _aColumna vertebral | ||
| 942 |
_2ddc _cBK |
||
| 999 |
_c1029 _d1029 |
||